Co dodajemy do Sałatki Jarzynowej? - Statystyki

Ogólne statystyki
  • Ten quiz został rozwiązany 294 razy
  • Średni wynik to 8 z 13
Statystyki odpowiedzi
Odpowiedź % Poprawnych
Majonez
96%
Groszek
84%
Ziemniaki
80%
Jajko
77%
Pieprz
67%
Sól
67%
Seler
64%
Jabłko
60%
Marchewkę
52%
Cebula
44%
Ogórek kiszony
39%
Pietruszkę
36%
Kukurydzę
35%
Nie znaleziono quizów pasujących do podanych kryteriów
Rozkład punktacji
Procent ludzi z każdym wynikiem
Percentyl według liczby udzielonych odpowiedzi
Twoja historia wyników
Nie rozwiązałeś tego quizu